000 00900cab a2200205 4500
001 ABS40275
008 090401t1989 xxu||||| |||| 00| 0 eng d
035 _a(Sirsi) u22737
041 _aeng
100 _aStapleton, T.
245 _aAppraisal of leisure property
260 _c1989
350 _a0
490 _aEstates Gazette
_v(8904) 28 January 1989, 20-130(3)
520 _aDiscusses problems associated with the valuation of leisure development s for the property portfolio, as distinct from the equity portfolio, outlining ways in which these can be overcome. The author suggests one solution is to derive a rent within the financial appraisal and which enables leisure property to fit the property investment and funding model. Uses examples to illustrate the major points.
650 _aASSET VALUATION
690 _aPROPERTY LAW AND PRACTICE
942 _n0
948 _c04/03/1997
999 _c15241
_d15241